000 00533nam a2200229Ia 4500
003 OSt
005 20220916111037.0
006 a|||||r|||| 00| 0
007 ta
008 220915b |||||||| |||| 00| 0 eng d
024 _a128087
037 _cTextbook
040 _beng
_aARTS
_cARTS
041 _aeng
082 _aV691:1:N0, G8
100 _aHowe S E
245 0 _aDrama of Madagrascar
260 _c1938
650 _aHISTORY
942 _hV691:1:N0, G8
_cTB
_2CC
999 _c104343
_d104343